Normal view MARC view
  • BOTHARA, DR, K.G.

Entry Personal Name

Number of records used in: 4

001 - CONTROL NUMBER

  • control field: 4903

003 - CONTROL NUMBER IDENTIFIER

  • control field: OSt

005 - DATE AND TIME OF LATEST TRANSACTION

  • control field: 20190326102921.0

008 - FIXED-LENGTH DATA ELEMENTS

  • fixed length control field: 190326|| aca||aabn | a|a d

040 ## - CATALOGING SOURCE

  • Original cataloging agency: OSt
  • Transcribing agency: OSt

100 ## - HEADING--PERSONAL NAME

  • Personal name: BOTHARA, DR, K.G.

670 ## - SOURCE DATA FOUND

  • Source citation: Work cat.: (OSt): BOTHARA, DR, K.G., MEDICINAL CHEMISTRY-IV : for B Pharma, (SEM-VIII)